| 000 | 00616nam a22002177a 4500 | ||
|---|---|---|---|
| 003 | BD-ChCU | ||
| 005 | 20260506092819.0 | ||
| 008 | 260506b ny||||| |||| 00| 0 eng d | ||
| 020 | _a9780134074252 | ||
| 040 | _cBD-ChCU | ||
| 082 |
_223 _a550 T179e |
||
| 100 |
_aTarbuck, Edward J. _922441 |
||
| 245 |
_aEarth : _ban introduction to physical geology / _cEdward J Tarbuck. |
||
| 250 | _a12ed. | ||
| 260 |
_aNew York : _bPearson, _c2017 |
||
| 300 | _a788 P. : | ||
| 504 | _aIncludes. | ||
| 650 | 0 |
_aPhysical geology ; Geology. _922443 |
|
| 700 |
_aLutgens, Frederick K. _922446 _eJt.Author |
||
| 942 |
_2ddc _cBK _n0 |
||
| 999 |
_c112702 _d112702 |
||